000 01654nas a2200325 i 4500
001 45
003 gtuscu
005 20250827144451.0
006 sfr|p|r|||| 00| b0
007 ta
008 241016b1997 gt fr|p| |||| |0| 0 spa d
022 _2rda
_a02549963
040 _agtuscu
_cgtuscu
_dgtuscu
_erda
_bspa
245 1 _aMesoamérica /
_cCentro de Investigaciones Regionales de Mesoamérica (CIRMA) y Plumsock Mesoamerican Studies
264 _aAntigua Guatemala, Guatemala :
_bCentro de Investigaciones Regionales de Mesoamérica y Plumsock Mesoamerican Studies,
_c1980-
300 _bFiguras, Ilustraciones.
_c21 cm , 25cm .
310 _aSemestral
362 0 _aAño 1, volumen 1 (1980)-
362 0 _aAño 2, Cuaderno 2 (1981)-
362 0 _aAño 18, número 33 (1997)-
362 0 _aAño 37, número 58 (2016)-
500 _aTablas de contenido y resúmenes: en español e inglés.
500 _aAño 17, número 32, (diciembre 1996): Índice general, 1980-1996.
500 _aAño 18, número 33 (junio 1997), número especial: Aspectos étnicos y religiosos.
500 _aPublicado en 2008: Índice general Nos. 1 (1980) al 50 (2008).
650 1 4 _aCiencias sociales
_2LEMB
_vInvestigaciones
_xPublicaciones seriadas
650 1 4 _aMayas
_2LEMB
_xPublicaciones seriadas
773 0 _aMesoamérica
_dAntigua Guatemala, Guatemala : Centro de Investigaciones Regionales de Mesoamérica, 1980-
_gAño 1, Volumen 1
_h21 cm , 25 cm
_w1
_x02529963
942 _2ddc
_cCPP
_iAño 1, volumen 1 (1980)-
_iAño 18, número 33 (1997)-
_i Año 37, número 58 (2016)-
_n0
_6AÑO_1_VOLUMEN_1_000000000000000_1980__AÑO_18_NÚMERO_33_1997__AÑO_37_NÚMERO_58_2016
999 _c45
_d45